[Event "African Online-ch U20-Open 2021"]
[Site "Online"]
[Date "2021.02.01"]
[Round "3.20"]
[White "Shah, Darshan Samir"]
[Black "Meise, Keagen"]
[Result "1-0"]
[WhiteElo "1502"]
[BlackElo "1200"]
[Annotator "NA RC"]
[PlyCount "233"]
[EventDate "2021.02.01"]
[EventType "swiss"]
[EventCountry "NET"]
[SourceTitle "playchess.com"]
[Source "ChessBase"]
[SourceQuality "1"]
[TimeControl "1500+10"]

1. Nf3 {[%emt 0:00:00]} Nf6 {[%emt 0:00:10]} 2. c4 {[%emt 0:00:10]} c5 {[%emt 0:00:06]} 3. Nc3 {[%emt 0:00:07]} g6 {[%emt 0:00:03]} 4. g3 {[%emt 0:00:08]} Bg7 {[%emt 0:00:03]} 5. Bg2 {[%emt 0:00:07]} O-O {[%emt 0:00:04]} 6. O-O {[%emt 0:00:07]} d6 {[%emt 0:00:03]} 7. d4 {[%emt 0:00:11]} cxd4 {[%emt 0:00:13]} 8. Nxd4 {[%emt 0:00:08]} Qc7 {[%emt 0:00:13]} 9. Qd3 {[%emt 0:01:08]} a6 {[%emt 0:00:07]} 10. Be3 {[%emt 0:00:34]} Nbd7 {[%emt 0:00:41]} 11. b3 {[%emt 0:00:44]} Re8 {[%emt 0:01:31]} 12. Qd2 {[%emt 0:01:51]} Ne5 {[%emt 0:00:48]} 13. h3 {[%emt 0:00:26]} Nc6 {[%emt 0:00:53]} 14. Rfd1 {[%emt 0:01:26]} Bd7 {[%emt 0:03:33]} 15. Rac1 {[%emt 0:02:41]} Qa5 {[%emt 0:05:05]} 16. a4 {[%emt 0:01:39]} Rab8 {[%emt 0:01:58]} 17. Rb1 {[%emt 0:01:53]} Nxd4 {[%emt 0:00:30]} 18. Bxd4 {[%emt 0:00:25]} Bc6 {[%emt 0:00:25]} 19. e4 {[%emt 0:01:31]} Qc7 {[%emt 0:04:23]} 20. Ba7 {[%emt 0:02:37]} Rbc8 {[%emt 0:00:31]} 21. Be3 {[%emt 0:01:46]} Qd7 {[%emt 0:01:18]} 22. Bb6 {[%emt 0:01:12]} Nh5 {[%emt 0:00:57]} 23. Nd5 {[%emt 0:00:45]} Bxd5 {[%emt 0:00:07]} 24. Qxd5 {[%emt 0:00:31]} Nf6 {[%emt 0:00:43]} 25. Qd3 {[%emt 0:00:37]} h5 {[%emt 0:01:13]} 26. e5 {[%emt 0:00:26]} Nh7 {[%emt 0:00:29]} 27. exd6 {[%emt 0:00:15]} exd6 {[%emt 0:00:09]} 28. c5 {[%emt 0:00:11]} Re6 {[%emt 0:01:02]} 29. cxd6 {[%emt 0:00:11]} Be5 {[%emt 0:00:10]} 30. Bc7 {[%emt 0:00:30]} Bxd6 {[%emt 0:00:37]} 31. Bxd6 {[%emt 0:00:11]} Rd8 {[%emt 0:00:01]} 32. Qc4 {[%emt 0:01:00]} Rxd6 {[%emt 0:00:18]} 33. Rxd6 {[%emt 0:00:11]} Qxd6 {[%emt 0:00:02]} 34. Bxb7 {[%emt 0:00:10]} a5 {[%emt 0:00:13]} 35. Rc1 {[%emt 0:00:22]} Nf6 {[%emt 0:00:23]} 36. Qa6 {[%emt 0:01:05]} Qe5 {[%emt 0:00:33]} 37. Qc4 {[%emt 0:00:56]} Kg7 {[%emt 0:00:23]} 38. Bg2 {[%emt 0:00:18]} Qd6 {[%emt 0:00:14]} 39. h4 {[%emt 0:00:57]} Qd2 {[%emt 0:00:03]} 40. Qc2 {[%emt 0:00:12]} Qd4 {[%emt 0:00:08]} 41. Qc5 {[%emt 0:00:20]} Qd2 {[%emt 0:00:08]} 42. Qc2 {[%emt 0:00:06]} Qd4 {[%emt 0:00:08]} 43. Kh2 {[%emt 0:00:13]} Ng4+ {[%emt 0:00:06]} 44. Kg1 {[%emt 0:00:10]} Kh7 {[%emt 0:00:04]} 45. Qc5 {[%emt 0:00:13]} Qd2 {[%emt 0:00:04]} 46. Rf1 {[%emt 0:00:10]} Re8 {[%emt 0:00:23]} 47. Qd5 {[%emt 0:00:12]} Qxd5 {[%emt 0:00:31]} 48. Bxd5 {[%emt 0:00:03]} Kg7 {[%emt 0:00:02]} 49. Bc4 {[%emt 0:00:10]} Nf6 {[%emt 0:00:08]} 50. Kg2 {[%emt 0:00:13]} Re7 {[%emt 0:00:02]} 51. f3 {[%emt 0:00:07]} Kf8 {[%emt 0:00:11]} 52. Rf2 {[%emt 0:00:12]} Ra7 {[%emt 0:00:02]} 53. Kh3 {[%emt 0:00:14]} Nd7 {[%emt 0:00:05]} 54. f4 {[%emt 0:00:16]} Nb6 {[%emt 0:00:03]} 55. Bb5 {[%emt 0:00:13]} Nd5 {[%emt 0:00:04]} 56. f5 {[%emt 0:00:07]} Kg7 {[%emt 0:00:12]} 57. Rf3 {[%emt 0:00:10]} Nf6 {[%emt 0:00:14]} 58. fxg6 {[%emt 0:00:09]} fxg6 {[%emt 0:00:04]} 59. Re3 {[%emt 0:00:10]} Ng4 {[%emt 0:00:02]} 60. Re8 {[%emt 0:00:09]} Nf6 {[%emt 0:00:05]} 61. Re6 {[%emt 0:00:07]} Ng4 {[%emt 0:00:12]} 62. Be2 {[%emt 0:00:23]} Nf6 {[%emt 0:00:06]} 63. Ra6 {[%emt 0:00:17]} Rxa6 {[%emt 0:00:20]} 64. Bxa6 {[%emt 0:00:03]} Nd5 {[%emt 0:00:03]} 65. Bc4 {[%emt 0:00:04]} Ne3 {[%emt 0:00:04]} 66. Bb5 {[%emt 0:00:06]} Kf6 {[%emt 0:00:08]} 67. Kh2 {[%emt 0:00:06]} Nc2 {[%emt 0:00:07]} 68. Kg2 {[%emt 0:00:07]} Nd4 {[%emt 0:00:03]} 69. Kf2 {[%emt 0:00:13]} Nxb3 {[%emt 0:00:05]} 70. Ke3 {[%emt 0:00:08]} Kf5 {[%emt 0:00:54]} 71. Bd7+ {[%emt 0:00:07]} Ke5 {[%emt 0:00:09]} 72. Be8 {[%emt 0:00:02]} Kf6 {[%emt 0:00:02]} 73. Ke4 {[%emt 0:00:10]} Nc5+ {[%emt 0:00:07]} 74. Kd4 {[%emt 0:00:03]} Ne6+ {[%emt 0:00:30]} 75. Kc4 {[%emt 0:00:14]} Nc7 {[%emt 0:00:04]} 76. Bd7 {[%emt 0:00:22]} Ke7 {[%emt 0:00:14]} 77. Bc6 {[%emt 0:00:15]} Kf6 {[%emt 0:00:18]} 78. Kc5 {[%emt 0:00:20]} Ne6+ {[%emt 0:00:13]} 79. Kb5 {[%emt 0:00:12]} Nd4+ {[%emt 0:00:02]} 80. Kb6 {[%emt 0:00:05]} Kf5 {[%emt 0:00:13]} 81. Bd7+ {[%emt 0:00:11]} Kf6 {[%emt 0:00:21]} 82. Kxa5 {[%emt 0:00:08]} g5 {[%emt 0:00:04]} 83. hxg5+ {[%emt 0:00:21]} Kxg5 {[%emt 0:00:02]} 84. Kb6 {[%emt 0:00:01]} Nb3 {[%emt 0:00:18]} 85. Be6 {[%emt 0:00:11]} Nd4 {[%emt 0:00:04]} 86. Bd5 {[%emt 0:00:38]} Kg4 {[%emt 0:00:03]} 87. a5 {[%emt 0:00:01]} Kxg3 {[%emt 0:00:03]} 88. a6 {[%emt 0:00:02]} h4 {[%emt 0:00:02]} 89. a7 {[%emt 0:00:02]} h3 {[%emt 0:00:07]} 90. a8=Q {[%emt 0:00:04]} h2 {[%emt 0:00:04]} 91. Qg8+ {[%emt 0:00:05]} Kf4 {[%emt 0:00:17]} 92. Qg2 {[%emt 0:00:23]} Ke5 {[%emt 0:00:12]} 93. Bc6 {[%emt 0:00:10]} h1=B {[%emt 0:00:17]} 94. Qxh1 {[%emt 0:00:04]} Nf5 {[%emt 0:00:06]} 95. Qh5 {[%emt 0:00:03]} Kf6 {[%emt 0:00:02]} 96. Qf3 {[%emt 0:00:08]} Kg5 {[%emt 0:00:05]} 97. Qg2+ {[%emt 0:00:11]} Kf6 {[%emt 0:00:04]} 98. Bd7 {[%emt 0:00:13]} Ne7 {[%emt 0:00:03]} 99. Qf3+ {[%emt 0:00:05]} Kg7 {[%emt 0:00:06]} 100. Kc7 {[%emt 0:00:07]} Ng6 {[%emt 0:00:05]} 101. Kd8 {[%emt 0:00:10]} Kh6 {[%emt 0:00:12]} 102. Qf6 {[%emt 0:00:14]} Kh5 {[%emt 0:00:23]} 103. Be8 {[%emt 0:00:04]} Kg4 {[%emt 0:00:06]} 104. Qxg6+ {[%emt 0:00:05]} Kf4 {[%emt 0:00:02]} 105. Bd7 {[%emt 0:00:04]} Ke5 {[%emt 0:00:03]} 106. Qf5+ {[%emt 0:00:03]} Kd6 {[%emt 0:00:02]} 107. Qe6+ {[%emt 0:00:02]} Kc5 {[%emt 0:00:01]} 108. Qe5+ {[%emt 0:00:02]} Kc4 {[%emt 0:00:04]} 109. Be6+ {[%emt 0:00:02]} Kd3 {[%emt 0:00:03]} 110. Qf4 {[%emt 0:00:06]} Kc3 {[%emt 0:00:01]} 111. Qc4+ {[%emt 0:00:02]} Kd2 {[%emt 0:00:02]} 112. Qb3 {[%emt 0:00:03]} Ke2 {[%emt 0:00:02]} 113. Bg4+ {[%emt 0:00:02]} Kd2 {[%emt 0:00:04]} 114. Kd7 {[%emt 0:00:03]} Kc1 {[%emt 0:00:08]} 115. Qc3+ {[%emt 0:00:19]} Kb1 {[%emt 0:00:03]} 116. Bf5+ {[%emt 0:00:02]} Ka2 {[%emt 0:00:02]} 117. Qb4 {[%emt 0:00:05]} 1-0

[Event "African Online-ch U20-Open 2021"]
[Site "Online"]
[Date "2021.02.01"]
[Round "3.21"]
[White "Karania, Hardiv"]
[Black "Masaiti, Gideon"]
[Result "0-1"]
[WhiteElo "1317"]
[BlackElo "1442"]
[Annotator "NA RC"]
[PlyCount "104"]
[EventDate "2021.02.01"]
[EventType "swiss"]
[EventCountry "NET"]
[SourceTitle "playchess.com"]
[Source "ChessBase"]
[SourceQuality "1"]
[TimeControl "1500+10"]

1. d4 {[%emt 0:00:00]} e6 {[%emt 0:00:04]} 2. c4 {[%emt 0:00:28]} d5 {[%emt 0:00:05]} 3. cxd5 {[%emt 0:00:11]} exd5 {[%emt 0:00:03]} 4. e3 {[%emt 0:00:13]} Nf6 {[%emt 0:00:04]} 5. Bd3 {[%emt 0:00:06]} Bd6 {[%emt 0:00:03]} 6. Nf3 {[%emt 0:00:05]} O-O {[%emt 0:00:04]} 7. O-O {[%emt 0:00:06]} Bg4 {[%emt 0:00:04]} 8. h3 {[%emt 0:00:13]} Bh5 {[%emt 0:00:07]} 9. Nbd2 {[%emt 0:00:07]} Nbd7 {[%emt 0:00:05]} 10. b3 {[%emt 0:00:38]} Re8 {[%emt 0:00:13]} 11. Bb2 {[%emt 0:00:06]} c6 {[%emt 0:00:05]} 12. Qc2 {[%emt 0:00:30]} Qc7 {[%emt 0:00:08]} 13. Rac1 {[%emt 0:01:01]} Bxf3 {[%emt 0:00:08]} 14. Nxf3 {[%emt 0:00:03]} Ne4 {[%emt 0:00:03]} 15. Rcd1 {[%emt 0:01:39]} Ndf6 {[%emt 0:00:11]} 16. Qc1 {[%emt 0:00:25]} Rac8 {[%emt 0:00:14]} 17. Ba3 {[%emt 0:00:03]} c5 {[%emt 0:00:44]} 18. dxc5 {[%emt 0:00:55]} Nxc5 {[%emt 0:00:12]} 19. Bf5 {[%emt 0:00:31]} Ne6 {[%emt 0:02:02]} 20. Qxc7 {[%emt 0:00:23]} Bxc7 {[%emt 0:00:05]} 21. Nd4 {[%emt 0:02:22]} Nxd4 {[%emt 0:00:58]} 22. Rxd4 {[%emt 0:00:13]} Rcd8 {[%emt 0:00:13]} 23. Bc5 {[%emt 0:00:38]} b6 {[%emt 0:00:26]} 24. Ba3 {[%emt 0:00:10]} g6 {[%emt 0:00:11]} 25. Bc2 {[%emt 0:00:23]} Ne4 {[%emt 0:00:40]} 26. Bb2 {[%emt 0:00:33]} Be5 {[%emt 0:00:14]} 27. f3 {[%emt 0:02:53]} Ng3 {[%emt 0:00:42]} 28. Re1 {[%emt 0:00:14]} Bxd4 {[%emt 0:00:09]} 29. Bxd4 {[%emt 0:00:04]} Rc8 {[%emt 0:00:04]} 30. Bd3 {[%emt 0:00:17]} Nf5 {[%emt 0:00:19]} 31. Bb5 {[%emt 0:00:55]} Nxd4 {[%emt 0:00:24]} 32. Bxe8 {[%emt 0:00:08]} Rxe8 {[%emt 0:00:03]} 33. Kf2 {[%emt 0:00:43]} Ne6 {[%emt 0:00:29]} 34. Rd1 {[%emt 0:00:09]} Rd8 {[%emt 0:00:04]} 35. h4 {[%emt 0:00:16]} Kg7 {[%emt 0:00:04]} 36. g3 {[%emt 0:00:04]} Kf6 {[%emt 0:00:03]} 37. g4 {[%emt 0:00:55]} d4 {[%emt 0:00:28]} 38. e4 {[%emt 0:00:44]} Nf4 {[%emt 0:00:06]} 39. Kg3 {[%emt 0:00:09]} Ne2+ {[%emt 0:00:03]} 40. Kf2 {[%emt 0:00:02]} d3 {[%emt 0:00:03]} 41. Ke3 {[%emt 0:00:06]} Nc3 {[%emt 0:00:14]} 42. Rd2 {[%emt 0:00:22]} h6 {[%emt 0:00:06]} 43. a4 {[%emt 0:00:15]} g5 {[%emt 0:00:24]} 44. h5 {[%emt 0:00:13]} Ke5 {[%emt 0:00:03]} 45. Rb2 {[%emt 0:01:07]} Nd1+ {[%emt 0:00:28]} 46. Kd2 {[%emt 0:00:09]} Nxb2 {[%emt 0:00:03]} 47. b4 {[%emt 0:00:16]} Nc4+ {[%emt 0:00:06]} 48. Kd1 {[%emt 0:00:04]} d2 {[%emt 0:00:04]} 49. a5 {[%emt 0:02:27]} Ne3+ {[%emt 0:00:04]} 50. Ke2 {[%emt 0:01:59]} Kf4 {[%emt 0:00:37]} 51. axb6 {[%emt 0:01:06]} d1=Q+ {[%emt 0:00:06]} 52. Kf2 {[%emt 0:00:07]} Rd2# {[%emt 0:00:05]} 0-1

[Event "African Online-ch U20-Open 2021"]
[Site "Online"]
[Date "2021.02.01"]
[Round "3.23"]
[White "Belattar, Mohamed Walid"]
[Black "Sparg, Nathan"]
[Result "0-1"]
[WhiteElo "1214"]
[BlackElo "1413"]
[Annotator "NA RC"]
[PlyCount "54"]
[EventDate "2021.02.01"]
[EventType "swiss"]
[EventCountry "NET"]
[SourceTitle "playchess.com"]
[Source "ChessBase"]
[SourceQuality "1"]
[TimeControl "1500+10"]

1. d4 {[%emt 0:00:00]} d5 {[%emt 0:00:14]} 2. Nf3 {[%emt 0:00:03]} Nf6 {[%emt 0:00:09]} 3. g3 {[%emt 0:00:02]} e6 {[%emt 0:00:09]} 4. Bg2 {[%emt 0:00:10]} Bd6 {[%emt 0:00:34]} 5. O-O {[%emt 0:00:13]} O-O {[%emt 0:00:04]} 6. c4 {[%emt 0:00:52]} c6 {[%emt 0:00:45]} 7. c5 {[%emt 0:00:49]} Bc7 {[%emt 0:00:51]} 8. Nc3 {[%emt 0:00:14]} Nbd7 {[%emt 0:00:38]} 9. Re1 {[%emt 0:00:30]} e5 {[%emt 0:02:03]} 10. e3 {[%emt 0:01:50]} e4 {[%emt 0:02:45]} 11. Nd2 {[%emt 0:00:37]} b6 {[%emt 0:01:18]} 12. b4 {[%emt 0:01:59]} a5 {[%emt 0:00:50]} 13. Qa4 {[%emt 0:03:30]} Bb7 {[%emt 0:03:34]} 14. b5 {[%emt 0:01:40]} cxb5 {[%emt 0:00:42]} 15. Qxb5 {[%emt 0:00:24]} Ba6 {[%emt 0:00:35]} 16. Qb2 {[%emt 0:00:32]} bxc5 {[%emt 0:00:29]} 17. dxc5 {[%emt 0:00:43]} Nxc5 {[%emt 0:00:17]} 18. Qa3 {[%emt 0:01:01]} Nd3 {[%emt 0:00:49]} 19. Rd1 {[%emt 0:00:43]} Ng4 {[%emt 0:00:43]} 20. Ncxe4 {[%emt 0:04:26]} dxe4 {[%emt 0:00:58]} 21. Nxe4 {[%emt 0:00:19]} Nf6 {[%emt 0:03:11]} 22. Nxf6+ {[%emt 0:00:22]} Qxf6 {[%emt 0:00:04]} 23. Bxa8 {[%emt 0:04:15]} Qxf2+ {[%emt 0:01:38]} 24. Kh1 {[%emt 0:01:16]} Rxa8 {[%emt 0:00:19]} 25. Rb1 {[%emt 0:01:40]} Ne1 {[%emt 0:01:26]} 26. Rxe1 {[%emt 0:00:54]} Qxe1+ {[%emt 0:00:05]} 27. Kg2 {[%emt 0:00:09]} Qf1# {[%emt 0:00:02]} 0-1

[Event "African Online-ch U20-Open 2021"]
[Site "Online"]
[Date "2021.02.01"]
[Round "4.1"]
[White "Lutuima, Amaro"]
[Black "Filipe, Marcio"]
[Result "0-1"]
[WhiteElo "2050"]
[BlackElo "1990"]
[Annotator "TA"]
[PlyCount "100"]
[EventDate "2021.02.01"]
[EventType "swiss"]
[EventCountry "NET"]
[SourceTitle "playchess.com"]
[Source "ChessBase"]
[SourceQuality "1"]

{[%evp 23,100,-6,20,5,11,17,22,-116,-8,-114,-95,-137,-136,-293,-293,-295,-287,-281,-174,-244,-241,-254,-127,-140,-139,-158,-149,-153,-118,-141,-106,-137,-91,-225,-164,-368,-367,-358,-355,-342,-354,-445,-363,-447,-428,-471,-339,-790,-773,-681,-592,-687,-677,-926,-905,-817,-790,-1091,-1062,-1027,-949,-1256,-1238,-1082,-670,-1008,-899,-4698,-4327,-29978,-29978,-29982,-29983,-29982,-29981,-29980,-29980,-29974,-29975]} 1. e4 e5 2. Nf3 Nc6 3. d4 exd4 4. Bc4 Nf6 5. O-O Nxe4 6. Re1 d5 7. Bxd5 Qxd5 8. Nc3 Qa5 9. Nxe4 Be6 10. Neg5 O-O-O 11. Nxe6 fxe6 12. Rxe6 h6 13. Bd2 {C56: Two Knights: 4 d4 exd4 5 0-0 Nxe4.} Qd5 14. Qe2 g5 {[#]} 15. a3 $146 (15. Qe4 $11) ({Predecessor:} 15. Re1 Bd6 16. c4 dxc3 17. Bxc3 Rhf8 18. Rxh6 g4 19. Nd2 Bc5 20. Ne4 Bb6 21. Nf6 Qf5 22. Nxg4 Kb8 23. Rf6 Bxf2+ 24. Qxf2 {1-0 (24) Astaneh Lopez,A (2430)-Le Goff,R (2288) Chess.com INT 2020}) 15... Bg7 (15... d3 $1 $17 {[%cal Rd3e2]} 16. cxd3 g4 17. Rxc6 Qxc6) 16. Re1 (16. Qe4 $11) 16... d3 $1 $17 {[%cal Rd3e2][%mdl 64] Discovered Attack} 17. cxd3 {[#]} g4 $1 {[%cal Rg4f3]} 18. Nh4 (18. Rxc6 $17 Qxc6 19. Ne5 Bxe5 20. Qxg4+ Qd7 21. Qxd7+ Rxd7 22. Rxe5) 18... Nd4 $19 {[%mdl 64] Double Attack} 19. Qxg4 Nxe6 20. Rxe6 {[#] aiming for Rd6+.} Kb8 $1 21. Re3 (21. g3 $142) 21... Bxb2 22. Nf3 Rdf8 (22... Bxa3 $19 {White must now prevent ...Rhf8.} 23. Qa4 Bd6) 23. Qb4 Bf6 24. h4 Rhg8 25. a4 Bd8 {And now ...Rxf3 would win.} 26. Kf1 c6 27. a5 Bc7 28. Ne1 (28. a6 $17 {is a better defense.} Bb6 29. d4) 28... Rf4 $40 {[%mdl 128] White is in trouble.} 29. Re8+ $2 (29. Re4 c5 30. Qc4 Qxc4 31. Rxc4 Rxc4 32. dxc4) 29... Rxe8 30. Bxf4 Bxf4 31. Qxf4+ Qe5 32. Qxe5+ Rxe5 {[%mdl 4096] Endgame KR-KN} 33. g4 Rxa5 34. f4 Kc7 35. g5 $2 (35. Ke2) 35... Rf5 36. Ng2 Kd6 37. Kf2 a5 {[%cal Ba7a5,Ba5a4][%mdl 32]} 38. Kg3 h5 39. Ne3 Ke6 40. Kf3 a4 41. Ke4 Rf8 42. f5+ Kf7 43. Nc4 Rd8 44. Ne5+ Ke7 {Strongly threatening ...a3.} 45. Ng6+ Kd6 46. Ne5 Re8 {Black mates.} 47. g6 Rxe5+ 48. Kf4 {[#]} Rxf5+ $3 49. Kxf5 Ke7 50. Kg5 {[#]} Kf8 $1 {Weighted Error Value: White=1.12/Black=0.33} 0-1

[Event "African Online-ch U20-Open 2021"]
[Site "Online"]
[Date "2021.02.01"]
[Round "4.2"]
[White "Mhango, Banele"]
[Black "Beghriche, Rami Tadjeddine"]
[Result "0-1"]
[WhiteElo "2117"]
[BlackElo "1783"]
[Annotator "TA"]
[PlyCount "118"]
[EventDate "2021.02.01"]
[EventType "swiss"]
[EventCountry "NET"]
[SourceTitle "playchess.com"]
[Source "ChessBase"]
[SourceQuality "1"]

{[%evp 15,118,4,5,0,0,0,0,0,0,0,0,0,0,0,0,0,0,0,0,0,0,0,0,0,0,-5,-6,-9,-7,-8,-9,-2,-4,-116,-110,-112,-102,-108,-103,-104,-105,-215,0,-214,-208,-213,-213,-213,-213,-210,-210,-207,-200,-296,-280,-291,-281,-282,-277,-343,-343,-337,-334,-319,-295,-518,-497,-510,-497,-435,-487,-458,-432,-494,-489,-503,-512,-668,-753,-1400,-1356,-9802,-4964,-29974,-29974,-29979,-29979,-29980,-29979,-29982,-29983,-29982,-29982,-29982,-29983,-29981,-29984,-29989,-29990,-29991,-29992,-29992,-29993,-29997,-29998]} 1. d4 Nf6 2. c4 g6 3. Nf3 Bg7 4. g3 O-O 5. Bg2 c6 6. O-O d5 7. cxd5 cxd5 8. Ne5 Nfd7 9. Nxd7 {D79: Fianchetto Grünfeld: Symmetrical Variation (6 0-0 c6 7 cxd5 cxd5).} Qxd7 10. Nc3 e6 11. b3 {The position is equal.} b6 12. Ba3 Rd8 13. Rc1 Ba6 14. Re1 Nc6 {[%cal Bb8c6,Bc6e7,Be7f5][%mdl 32]} 15. e3 {[#]} Ne7 $146 ({Predecessor:} 15... Rac8 16. Qd2 {½-½ (16) Petran,P (2301)-Verstraeten,R (2265) Pula 2017}) 16. Bf1 Bxf1 17. Rxf1 Nf5 18. Qd3 Rac8 19. Qb5 Rc6 20. Qa6 Rdc8 21. Nb5 Rxc1 22. Rxc1 Rxc1+ 23. Bxc1 Bf8 {White must now prevent ...Qc6.} 24. Nxa7 (24. Nc3 $11 {remains equal.}) 24... Qc7 $17 25. Ba3 Bxa3 26. Qxa3 Nd6 27. Qa6 Kg7 {[%mdl 1024] Black has strong compensation.} 28. Nb5 (28. Kg2 $17 {was called for.}) 28... Qc1+ $1 $19 29. Kg2 Ne4 30. Na7 Qb2 31. Qf1 Qxa2 32. Nb5 Qxb3 33. Qe2 Qb4 34. Nc7 (34. g4 $142) 34... Qc4 35. Qxc4 dxc4 {[%mdl 4096] Endgame KN-KN} 36. Nb5 {[#]} Nd6 $1 {[%mdl 512]} 37. Nc3 ({Don't go for} 37. Nxd6 $2 c3 $19) (37. Na3 f5) 37... b5 {aiming for ...b4.} 38. Na2 f5 39. Kf3 g5 40. h3 $2 (40. Ke2 {was necessary.}) 40... h5 41. Ke2 Kf6 42. Nb4 g4 43. hxg4 hxg4 44. f3 gxf3+ 45. Kxf3 Ne4 46. g4 Nc3 47. gxf5 exf5 48. Nc2 Na2 49. e4 {[#]} b4 $1 {[%cal Rb4b3] Black mates.} 50. Ne3 {[#]} c3 $1 51. e5+ Ke6 52. Kf4 b3 53. d5+ Kd7 54. e6+ Kd8 55. d6 c2 56. Nxf5 c1=Q+ 57. Ke5 b2 58. Kf6 b1=Q 59. Kf7 Qxf5+ {Weighted Error Value: White=0.55/Black=0.00} 0-1

[Event "African Online-ch U20-Open 2021"]
[Site "Online"]
[Date "2021.02.01"]
[Round "4.3"]
[White "Mohamed Abderrahim, Taleb Mohamed"]
[Black "Vasco Mateus Felizardo Viageir"]
[Result "1-0"]
[WhiteElo "1799"]
[BlackElo "1862"]
[Annotator "NA RC"]
[PlyCount "61"]
[EventDate "2021.02.01"]
[EventType "swiss"]
[EventCountry "NET"]
[SourceTitle "playchess.com"]
[Source "ChessBase"]
[SourceQuality "1"]
[TimeControl "1500+10"]

1. e4 {[%emt 0:00:00]} c5 {[%emt 0:00:03]} 2. a3 {[%emt 0:00:04]} e6 {[%emt 0:00:06]} 3. b4 {[%emt 0:00:03]} cxb4 {[%emt 0:00:40]} 4. axb4 {[%emt 0:00:03]} Bxb4 {[%emt 0:00:27]} 5. Bb2 {[%emt 0:00:03]} Bf8 {[%emt 0:00:10]} 6. d4 {[%emt 0:00:31]} d5 {[%emt 0:00:22]} 7. e5 {[%emt 0:00:15]} Nc6 {[%emt 0:00:03]} 8. Nf3 {[%emt 0:00:18]} Nge7 {[%emt 0:00:43]} 9. Bd3 {[%emt 0:00:16]} Qb6 {[%emt 0:01:15]} 10. Ba3 {[%emt 0:01:27]} Bd7 {[%emt 0:01:22]} 11. c3 {[%emt 0:00:36]} Ng6 {[%emt 0:00:14]} 12. Bxf8 {[%emt 0:00:31]} Nxf8 {[%emt 0:00:04]} 13. Na3 {[%emt 0:00:50]} a6 {[%emt 0:02:39]} 14. Nb5 {[%emt 0:00:17]} Nxe5 {[%emt 0:00:23]} 15. Nxe5 {[%emt 0:02:01]} Bxb5 {[%emt 0:00:03]} 16. Bxb5+ {[%emt 0:00:03]} Qxb5 {[%emt 0:00:06]} 17. Rb1 {[%emt 0:00:03]} Qa5 {[%emt 0:00:03]} 18. Rxb7 {[%emt 0:00:08]} Qxc3+ {[%emt 0:00:03]} 19. Kf1 {[%emt 0:00:04]} Qa3 {[%emt 0:00:56]} 20. Qc2 {[%emt 0:05:14]} Nd7 {[%emt 0:04:57]} 21. Nxd7 {[%emt 0:01:25]} Rd8 {[%emt 0:05:08]} 22. Qc6 {[%emt 0:04:16]} Qd3+ {[%emt 0:00:08]} 23. Ke1 {[%emt 0:00:49]} Qe4+ {[%emt 0:00:11]} 24. Kd2 {[%emt 0:03:53]} Qxd4+ {[%emt 0:00:04]} 25. Kc2 {[%emt 0:00:09]} Qc4+ {[%emt 0:00:30]} 26. Qxc4 {[%emt 0:00:04]} dxc4 {[%emt 0:00:02]} 27. Rd1 {[%emt 0:00:15]} h5 {[%emt 0:01:13]} 28. Nf6+ {[%emt 0:00:17]} gxf6 {[%emt 0:00:05]} 29. Rxd8+ {[%emt 0:00:02]} Kxd8 {[%emt 0:00:04]} 30. Rb8+ {[%emt 0:00:02]} Kc7 {[%emt 0:01:38]} 31. Rxh8 {[%emt 0:00:05]} 1-0

[Event "African Online-ch U20-Open 2021"]
[Site "Online"]
[Date "2021.02.01"]
[Round "4.4"]
[White "Mena, Martin"]
[Black "Brahami, Lamine"]
[Result "0-1"]
[WhiteElo "1776"]
[BlackElo "2194"]
[Annotator "TA"]
[PlyCount "62"]
[EventDate "2021.02.01"]
[EventType "swiss"]
[EventCountry "NET"]
[SourceTitle "playchess.com"]
[Source "ChessBase"]
[SourceQuality "1"]

{[%evp 13,62,36,66,52,72,44,67,-24,-8,-57,-46,-50,-31,-64,-41,-75,-32,-40,-25,-156,-154,-135,-105,-126,-106,-129,-108,-87,-41,-45,0,-35,-18,-48,0,-15,-15,-91,-50,-245,-245,-215,-122,-413,-263,-649,-628,-1077,-1063,-1063,-557]} 1. d4 Nf6 2. Nf3 g6 3. c4 Bg7 4. Nc3 d6 5. e4 O-O 6. h3 Nc6 7. d5 Nb8 {7...Nb4 might become the main line.} 8. Bd3 {E90: King's Indian: Classical: Early deviations and 6 h3.} c6 9. Be3 a6 {[#]} 10. g4 $146 (10. O-O $14) ({Predecessor:} 10. O-O b5 11. a3 cxd5 12. cxd5 e5 13. dxe6 fxe6 14. Bb1 Nc6 15. Ba2 b4 16. axb4 Nxb4 {1-0 (32) Sands,D (2109)-Pleasants,A (2075) Cardiff 2019}) 10... b5 11. Qc2 {[%cal Rc4b5]} bxc4 12. Bxc4 Bb7 13. g5 Nh5 14. Bd4 Nd7 15. dxc6 Bxc6 16. Bd5 {[#]} (16. Bxg7 $11 {keeps the balance.} Nxg7 17. Rd1) 16... Bxd5 $1 $17 17. exd5 Ne5 18. Nxe5 dxe5 19. Be3 Rc8 20. O-O-O Qa5 21. Kb1 Rb8 {[%cal Bc8b8,Bb8b4,Bb4a4,Ba4a2][%mdl 32]} 22. Ka1 Rfc8 23. Qa4 Qd8 (23... Qc7 {seems wilder.} 24. Ne4 Qb7 25. b3 f5 26. gxf6 Nxf6 27. Nxf6+ Bxf6 28. Kb1 Rc3) 24. Ne4 a5 {...Rb4 is the strong threat.} 25. Qa3 (25. Bc5 $11 {remains equal.}) 25... Rb4 26. Nc5 (26. f3 $15) 26... e4 $19 27. Nb3 {[#]} Qd7 ({Better is} 27... Rcc4 $1 $19 {Hoping for ...Ra4.} 28. d6 exd6) 28. Qxa5 {[%mdl 8192]} (28. Kb1 $17 {keeps fighting.}) 28... Ra4 29. Qb6 (29. Nc5 Rxa5 30. Nxd7) 29... Rca8 {Black is clearly winning.} 30. Nc5 Rxa2+ {[%mdl 64] Double Attack} 31. Kb1 Qa7 {Weighted Error Value: White=0.93/Black=0.28} 0-1